000 00866nam a22001937a 4500
999 _c36355
_d36355
003 OSt
005 20260115162950.0
008 260115b ||||| |||| 00| 0 eng d
040 _cBCRI
082 _a510.07
100 _949984
_aJiménez Soto, Carlos Roberto
245 _aPasantía en Colegio Coronel Francisco Linares Apopa, San Salvador
_b: informe final
_cCarlos Roberto Jiménez Soto
260 _aIlobasco, Cabañas
_bUniversidad Católica de El Salvador
_c2025
300 _a29 h.
_c27 cm.
_eVersión digital en USB
502 _aTrabajo de graduación para optar al grado académico de Licenciado en Ciencias de la Educación con especialidad en Matemáticas
650 0 _92236
_aMatemáticas
_xEnseñanza
710 _940915
_aUniversidad Católica de El Salvador
_bCentro Regional de Ilobasco
_bFacultad Multidisciplinaria
942 _2ddc
_cTG
_hprozim